| 000 | 00652cam a2200205 a 4500 | ||
|---|---|---|---|
| 020 | _a0716724111 | ||
| 020 | _a9780716724117 | ||
| 040 | _cDLC | ||
| 082 | 0 | 0 | _a574 W.H 1995 A034 Or. |
| 100 | 1 | _aSokal, Robert R. | |
| 245 | 1 | 0 |
_aBiometry : _bthe principles and practice of statistics in biological research / |
| 250 | _a3rd ed. | ||
| 260 |
_aNew York : _bW.H. Freeman, _cc1995. |
||
| 300 |
_axix, 887 p. : _bill. ; _c24 cm. |
||
| 650 | 0 | _aBiometry. | |
| 700 | 1 | _aRohlf, F. James, | |
| 856 | 4 | 2 | _uhttp://www.loc.gov/catdir/enhancements/fy0912/94011120-d.html |
| 856 | 4 | 1 | _uhttp://www.loc.gov/catdir/enhancements/fy0912/94011120-t.html |
| 942 | _cEK | ||
| 999 |
_c12688 _d12688 |
||